000
00293 a2200085 4500
020
_a
9788496954496
100
_a
Danielle Elisseff , Chiu Che Bing, Arnaud Laffage and Frederic Edelmann
245
_a
In the Chinese City: Perspectives on the Transmutations of an Empire
260
_b
ActarD Inc
_c
2008
999
_c
13570
_d
13570